El devenir de la esencia en Xavier Zubiri

Guardat en:
Dades bibliogràfiques
Autor principal: Giralt Bermúdez, María de los Angeles
Format: Llibre
Idioma:Undetermined
Publicat: San José, Costa Rica Universidad de Costa Rica 1975
Matèries:
Etiquetes: Afegir etiqueta
Sense etiquetes, Sigues el primer a etiquetar aquest registre!

MARC

LEADER 00000nam a2200000Ia 4500
008 170316s9999 xx 000 0 und d
090 |a 100 G-31d 
100 |a Giralt Bermúdez, María de los Angeles 
245 |a El devenir de la esencia en Xavier Zubiri 
260 |a San José, Costa Rica 
260 |b Universidad de Costa Rica 
260 |c 1975 
300 |a 126 páginas 
650 |a FILOSOFÍA 
650 |a XAVIER ZUBIRI 
650 |a ZUBIRI - ARISTÓTELES 
650 |a ZUBIRI - TEILHARD 
999 |c 16299  |d 16299 
040 |a cru BVZT 
942 |c 15 D  |h 100 G-31d  |2 z